000 00269nam a2200121 a 4500
001 4140
005 20140414132031.0
008 090218s19uu xx 00 eng d
050 _aTR
_bOT8 2004
100 _aParr, Todd
245 _aOtto goes to camp.
999 _c113626
_d113626